000 01184cab a2200217 4500
001 ##ABS50904
008 090401t1994 xxu||||| |||| 00| 0 eng d
035 _a(Sirsi) u890
041 0 _aeng
245 0 0 _aTurner and others v Wandsworth LBC
260 _c1994
350 _a0
490 0 _aEstates Gazette
_v(1994) 25 EG 148-149(2)
520 _aCA 15 February 1994. The landlords of City Farm opposed an application for a new tenancy under Landlord and Tenant Act 1954 s30(1)(f) on the grounds that W had entered into an agreement with adjoining owners to demolish buildings and occupy until market conditions improved. The fact that W intended that the demolition work be carried out by a company, counted as intention within the meaning of section 30(1)(f). The real motive of W, which was to sell the freehold, was irrelevant and W was entitled to oppose a new tenancy.
650 2 4 _aLANDLORD AND TENANT ACT 1954 S30(1)(F)
650 2 4 _aTURNER AND OTHERS V WANDSWORTH LBC
651 4 _aEngland and Wales
_y1543-
690 _aPROPERTY-COMMERCIAL PROPERTY-LEASEHOLD COMMERCIAL PROPERTY-COMMERCIAL LANDLORD AND TENANT-BUSINESS TENANCIES
942 _n0
948 _c04/03/1997
999 _c497
_d497